| 000 | 00452nam a2200181Ia 4500 | ||
|---|---|---|---|
| 005 | 20240823045109.0 | ||
| 008 | 240823s9999||||xx |||||||||||||| ||und|| | ||
| 020 | _a978-81-8472-096-9 | ||
| 041 | _aENGLISH | ||
| 082 | _A621.317 P5 | ||
| 100 | _aGnanavadivel J et al. | ||
| 245 | 0 | _aElectrical Drives and Controls | |
| 250 | _a2nd | ||
| 260 |
_c2005 _bAnuradha kumbak |
||
| 500 | _aYES | ||
| 650 |
_aElectrical Drives _bElectrical |
||
| 942 | _cBK | ||
| 999 |
_c214165 _d214165 |
||